000 01270nam a2200325 i 4500
001 768714001
003 CO-MdFUSB
005 20230314164130.0
007 ta
008 230304t1993 -us |||| |||| 00| 0 eng d
020 _a0805416064
040 _aCO-MdFUSB
_bspa
_cCO-MdFUSB
_dCO-MdFUSBC
_erda
041 _aeng
082 _223
_a230
_bSM657
100 _aSmith, Ralph L.
_eautor
245 1 _aOld Testament theology :
_bits history, method, and message
_c/ Ralph L. Smith
264 1 _aEstados Unidos :
_bBroadman and Holman Publishers,
_c[1993]
264 4 _c© 1993
300 _a525 páginas
_c; 23,5 cm
336 _2rdacontent
_atexto
_btxt
337 _2rdamedia
_asin mediación
_bn
338 _2rdacarrier
_avolumen
_bnc
505 _aLa historia de la teología del Antiguo Testamento -- La naturaleza y el método de la teología del Antiguo Testamento -- El conocimiento de Dios -- yo seré vuestro Dios; seréis mi pueblo -- ¿Quién es un Dios como Yahvé? -- ¿Qué es la humanidad? -- Pecado y redención -- Culto -- La buena vida -- La muerte y más allá -- En ese dia
563 _aDura
630 0 7 _aBiblia.
_pAntiguo Testamento
650 7 _9320
_aTeología bíblica
942 _cBK
945 _aMag1104
999 _c68505
_d68505